Die Lehre von den Streitparteien im österreichischen Civilprocess : (Separatabdruck aus der von Prof. Grünhut herausgegeben Zeitschrift f. d. Privat- und öffentliche Recht der Gegenwart. VII. Band, 4. Heft) /

Uložené v:
Podrobná bibliografia
Hlavný autor: Menger, Anton, 1841-1906 (Author)
Médium: Kniha
Jazyk:German
Vydané: Wien : Alfred Hölder, 1880
Vydanie:1. Aufl.
ISBN: (viaz.)
Fyzický popis: 67 s. ; 22 cm
Tagy: Pridať tag
Žiadne tagy, Buďte prvý kto otaguje tento záznam!

MARC

LEADER 00000nam a2200000 a 4500
001 000000323
003 SVKK
005 20070403095548.0
008 040301s1880 au e 000 0 gero
020 |a (viaz.) 
040 |a SVKKK  |b slo  |c SVKKK  |e AACR2 
041 0 |a ger 
044 |a au  |c AT 
100 1 |a Menger, Anton,  |4 aut  |d 1841-1906 
245 1 0 |a Die Lehre von den Streitparteien im österreichischen Civilprocess :  |b (Separatabdruck aus der von Prof. Grünhut herausgegeben Zeitschrift f. d. Privat- und öffentliche Recht der Gegenwart. VII. Band, 4. Heft) /  |c von Anton Menger 
250 |a 1. Aufl. 
260 |a Wien :  |b Alfred Hölder,  |c 1880 
300 |a 67 s. ;  |c 22 cm 
504 |a Poznámky pod čiarou 
998 |a BK 
090 |g SCKHL  |k HIS - sklad Zvonárska 19  |a VII.660  |j 987913  |i 2720096494  |s Príručka / Študovňa